[Event "4NCL 2011-12"]
[Site "Hinkley ENG"]
[Date "2012.05.06"]
[Round "10.171"]
[White "Zakarian, David"]
[Black "Player, Edmund C"]
[Result "1/2-1/2"]
[WhiteElo "2379"]
[BlackElo "2199"]
[WhiteTeam "Oxford"]
[BlackTeam "Anglian Avengers"]
[WhiteFideId "13301276"]
[BlackFideId "406520"]
[EventDate "2011.11.12"]

1. e4 e6 2. Nf3 d5 3. e5 c5 4. b4 c4 5. c3 a5 6. b5 Nd7 7. d3 cxd3 8. Bxd3 f6 9.
Qc2 Nxe5 10. Nxe5 fxe5 11. Bxh7 Be7 12. Bxg8 Rxg8 13. O-O g6 14. Qe2 Qc7 15. c4
Qxc4 16. Qxc4 dxc4 17. Bb2 a4 18. Bxe5 Bd7 19. Nc3 Rf8 20. Rab1 Ba3 21. Rfd1 Ke7
22. f4 b6 23. Bd4 Rxf4 24. Bxb6 Bc8 25. Be3 Rf5 26. Rd2 Bb7 27. b6 Re5 28. Bf2
Rd8 29. Rxd8 Kxd8 30. Nb5 Bc5 31. Bxc5 Rxc5 32. Nd6 Rd5 33. Nxc4 Kc8 34. Rf1 Ba6
35. Rf8+ Kb7 36. Rf7+ Kc6 37. Rc7+ Kb5 38. Ne3 Rd8 39. b7 Kb6 40. Re7 Bxb7 41.
Rxe6+ Kc5 42. Rxg6 Rd2 43. Rg5+ Kd4 44. Nf5+ Ke5 45. a3 Kf6 46. h4 Rxg2+ 47.
Rxg2 Bxg2 48. Ng3 Bd5 49. Kf2 Ke5 50. Ke3 Bb3 51. Ne2 Kf6 52. Nd4 Bd5 53. Kf4
Kg6 54. Ne2 Bb3 55. Ng3 Bc2 56. Ke5 Kh6 57. Kd4 Kg6 58. Kc3 Bd1 59. Kb4 Bc2 60.
Kc3 Bd1 61. Kd2 Bf3 62. Ke3 Bd1 63. Kf4 Bc2 64. Nf1 Kh5 65. Ne3 Bb3 66. Kg3 Be6
67. Ng2 Bd7 68. Nf4+ Kh6 69. Kf3 Bf5 70. Ke3 Bc2 71. Kd4 Bb3 72. Kc3 Bd1 73. Kc4
Bb3+ 74. Kb4 Bc2 75. Kc4 Bb3+ 76. Kc3 Bd1 77. Nd3 Kh5 78. Nb2 Bb3 79. Kb4 Kxh4
80. Nxa4 Bc2 81. Nb2 Kg5 82. Kc3 Bf5 83. a4 Kf6 84. Kd4 Ke6 85. Kc5 Kd7 86. Kb6
Bg4 1/2-1/2

[Event "4NCL 2011-12"]
[Site "Hinkley ENG"]
[Date "2012.05.06"]
[Round "10.172"]
[White "Tozer, Philip A A"]
[Black "Rose, Matthew"]
[Result "1-0"]
[WhiteElo "2159"]
[BlackElo "2282"]
[WhiteTeam "Anglian Avengers"]
[BlackTeam "Oxford"]
[WhiteFideId "419982"]
[BlackFideId "407941"]
[EventDate "2011.11.12"]

1. c4 e5 2. g3 Nf6 3. Bg2 c6 4. d4 exd4 5. Qxd4 Na6 6. Nf3 Bc5 7. Qe5+ Qe7 8.
Qxe7+ Bxe7 9. Nc3 Nb4 10. Nd4 Bc5 11. a3 Bxd4 12. axb4 d6 13. b5 Bd7 14. Bf4 Ke7
15. O-O Rhd8 16. Rfd1 Bc5 17. Na4 Bb4 18. c5 d5 19. Bd6+ Ke8 20. Rd4 cxb5 21.
Rxb4 bxa4 22. Rxb7 Rdc8 23. Ra3 Rc6 24. Re3+ Kd8 25. Re7 Rac8 26. h3 Be8 27.
Rxa7 h6 28. Reb7 Bd7 29. Bxd5 Rxc5 30. Bxc5 Rxc5 31. Bg2 Rc2 32. e4 Bc8 33. Rb4 1-0

[Event "4NCL 2011-12"]
[Site "Hinkley ENG"]
[Date "2012.05.06"]
[Round "10.173"]
[White "White, Michael J R"]
[Black "Talsma, Paul"]
[Result "1-0"]
[WhiteTitle "FM"]
[WhiteElo "2214"]
[BlackElo "2246"]
[WhiteTeam "Oxford"]
[BlackTeam "Anglian Avengers"]
[WhiteFideId "407380"]
[BlackFideId "1018779"]
[EventDate "2011.11.12"]

1. e4 e5 2. Nf3 Nc6 3. d4 exd4 4. Nxd4 g6 5. Nc3 Bg7 6. Be3 Nf6 7. Nxc6 bxc6 8.
e5 Ng8 9. f4 Ne7 10. Qf3 O-O 11. O-O-O d6 12. Bc4 Be6 13. Bxe6 fxe6 14. Qh3 Nf5
15. Bf2 Qb8 16. Rhe1 Qb7 17. b3 a5 18. Ne4 dxe5 19. Rd7 Qb4 20. fxe5 Rfd8 21.
Nf6+ Kf8 22. Qxh7 Rxd7 23. Bc5+ 1-0

[Event "4NCL 2011-12"]
[Site "Hinkley ENG"]
[Date "2012.05.06"]
[Round "10.174"]
[White "Spence, David J"]
[Black "Eckersley-Waites, Tom"]
[Result "0-1"]
[WhiteElo "2211"]
[BlackElo "2276"]
[WhiteTeam "Anglian Avengers"]
[BlackTeam "Oxford"]
[WhiteFideId "407429"]
[BlackFideId "412449"]
[EventDate "2011.11.12"]

1. e4 e5 2. Nf3 Nc6 3. Bc4 Nf6 4. Ng5 d5 5. exd5 Na5 6. Bb5+ c6 7. dxc6 bxc6 8.
Bd3 Ng4 9. Nf3 f5 10. h3 Nxf2 11. Kxf2 Bc5+ 12. Kf1 e4 13. b4 Bxb4 14. Qe2 Qe7
15. Ne1 exd3 16. Nxd3 Ba6 17. Ba3 Bxa3 18. Nxa3 Qe4 19. Ke1 Qxe2+ 20. Kxe2 O-O-O
21. Raf1 Rhe8+ 22. Kd1 Bxd3 23. cxd3 Rxd3 24. Rf3 Red8 25. Nb1 Nc4 26. Rxd3 Nb2+
27. Ke2 Nxd3 28. Rf1 g6 29. Rf3 Ne5 30. Re3 Nc4 31. Rc3 Rd4 32. d3 Ne5 33. Ke3
Rb4 34. Nd2 Kb7 35. d4 Nd7 36. Nc4 Nf6 37. Na5+ Ka6 38. Rxc6+ Rb6 39. Rc5 Rb5
40. Rc6+ Rb6 41. Rc5 Re6+ 42. Kd3 Nh5 43. Nc6 Nf4+ 44. Kc4 Nxg2 45. Ra5+ Kb6 46.
Rb5+ Kc7 47. Na5 f4 48. Rb7+ Kc8 49. Rf7 Ne3+ 50. Kc5 Nf5 51. Nc4 f3 52. d5 Ra6
53. d6 f2 54. Rf8+ Kd7 55. Ne5+ Ke6 56. Re8+ Kf6 57. d7 Rd6 58. Ng4+ Kg5 59.
Nxf2 Rxd7 60. a4 Rc7+ 61. Kd5 Kh4 62. a5 Rc2 63. Nd3 Rd2 0-1

[Event "4NCL 2011-12"]
[Site "Hinkley ENG"]
[Date "2012.05.06"]
[Round "10.175"]
[White "Tsanas, Athanasios"]
[Black "Merry, Alan B"]
[Result "0-1"]
[WhiteElo "2295"]
[BlackElo "2100"]
[WhiteTeam "Oxford"]
[BlackTeam "Anglian Avengers"]
[WhiteFideId "4206061"]
[BlackFideId "418811"]
[EventDate "2011.11.12"]

1. c4 e5 2. g3 Nf6 3. Bg2 d5 4. cxd5 Nxd5 5. Nf3 Nc6 6. O-O Nb6 7. d3 Bf5 8. Nc3
Qd7 9. a4 a5 10. Be3 f6 11. Rc1 O-O-O 12. Nb5 Bh3 13. Rxc6 bxc6 14. Na7+ Kb7 15.
Nxe5 fxe5 16. Bxc6+ Kxa7 17. Bxd7 Rxd7 18. Re1 Be6 19. Qc2 Bd5 20. Bd2 Ka6 21.
e4 Bb7 22. Qb3 Bc6 23. Rc1 Bxa4 24. Qa2 Rxd3 25. b3 Rxb3 26. Rxc7 Bd6 27. Rxg7
Bc5 28. Rc7 Bd4 29. Rc6 Bxc6 30. Qxb3 Bxe4 31. Be3 Rc8 32. g4 Rc3 33. Qe6 Rxe3
34. fxe3 Bxe3+ 35. Kf1 Bd4 36. h4 a4 37. h5 Bd5 38. Qd6 Bc4+ 39. Kg2 Kb5 40. g5
Bd5+ 41. Kg3 Bb2 42. g6 hxg6 43. h6 a3 44. Qxa3 Bxa3 45. h7 Bd6 46. h8=Q Be4 47.
Qh2 Nc4 48. Qe2 Bd3 49. Qd1 e4+ 50. Kh4 Bf4 51. Qb3+ Kc5 52. Qc3 Kd5 53. Qf6 g5+
54. Kh3 Bf1+ 55. Kg4 Ne5+ 56. Kh5 Be2+ 0-1

[Event "4NCL 2011-12"]
[Site "Hinkley ENG"]
[Date "2012.05.06"]
[Round "10.177"]
[White "Coleman, James"]
[Black "Gregory, Stephen J"]
[Result "1-0"]
[WhiteElo "2142"]
[BlackElo "2124"]
[WhiteTeam "Oxford"]
[BlackTeam "Anglian Avengers"]
[WhiteFideId "407216"]
[BlackFideId "410837"]
[EventDate "2011.11.12"]

1. d4 Nf6 2. Bg5 Nc6 3. Nc3 e5 4. d5 Ne7 5. d6 Nf5 6. dxc7 Qe7 7. e4 Nd4 8. Nge2
Qb4 9. Bxf6 gxf6 10. Nxd4 exd4 11. a3 Qa5 12. Qxd4 Bg7 13. Qb4 Qe5 14. O-O-O Bf8
15. Qc4 Bh6+ 16. Kb1 O-O 17. g3 d6 18. f4 Qc5 19. Qxc5 dxc5 20. Bc4 Bg4 21. Rd6
Rac8 22. h3 Be6 23. Rxe6 fxe6 24. Bxe6+ Kh8 25. Bxc8 Rxc8 26. Nd5 1-0

[Event "4NCL 2011-12"]
[Site "Hinkley ENG"]
[Date "2012.05.06"]
[Round "10.178"]
[White "Smith, Olivia"]
[Black "Miranda Gonzalez, Nicole"]
[Result "1-0"]
[WhiteTitle "WFM"]
[WhiteElo "2010"]
[BlackElo "2027"]
[WhiteTeam "Anglian Avengers"]
[BlackTeam "Oxford"]
[WhiteFideId "411850"]
[BlackFideId "3405770"]
[EventDate "2011.11.12"]

1. Nf3 c5 2. e4 Nc6 3. d4 cxd4 4. Nxd4 Nf6 5. Nc3 e5 6. Ndb5 d6 7. Bg5 a6 8. Na3
b5 9. Nd5 Be7 10. Bxf6 Bxf6 11. c3 Bg5 12. Bd3 Be6 13. O-O O-O 14. Nc2 Bh6 15.
Nce3 g6 16. Bc2 Bg7 17. a4 f5 18. axb5 axb5 19. Rxa8 Qxa8 20. Nc7 Qc8 21. Qxd6
Rf6 22. Qxc6 Bd7 23. Qa8 Qxa8 24. Nxa8 f4 25. Nd5 Ra6 26. Bb3 Kf8 27. Nac7 Ra7
28. Rd1 Bh6 29. f3 Bg5 30. Nb6 Rxc7 31. Nxd7+ Ke8 32. Nxe5 Be7 33. Bd5 Bc5+ 34.
Kf1 Ke7 35. Nc6+ Kd6 36. Nd4 Bxd4 37. cxd4 Rc2 38. b3 h6 39. Bf7 g5 40. e5+ Kc7
41. e6 Kd6 42. d5 Rc3 43. Re1 Rc7 44. e7 Rxe7 45. Rxe7 Kxe7 46. Be6 Kd6 47. Ke2
h5 48. h3 Kc5 49. Kd3 Kd6 50. Kd4 h4 51. b4 Ke7 52. Kc5 Kd8 53. Kd6 Ke8 54. Kc7
Ke7 55. Bg4 Kf6 56. d6 Ke5 57. d7 Kd4 58. d8=Q+ 1-0

[Event "4NCL 2011-12"]
[Site "Hinkley ENG"]
[Date "2012.05.06"]
[Round "10.181"]
[White "Cherniaev, Alexander"]
[Black "Rudd, Jack"]
[Result "1/2-1/2"]
[WhiteTitle "GM"]
[BlackTitle "IM"]
[WhiteElo "2469"]
[BlackElo "2290"]
[WhiteTeam "Guildford 1"]
[BlackTeam "Bristol"]
[WhiteFideId "4117301"]
[BlackFideId "405736"]
[EventDate "2011.11.12"]

1. e4 e5 2. Nf3 Nc6 3. Bc4 Nf6 4. d3 Bc5 5. c3 d6 6. Bb3 Qe7 7. Nbd2 a6 8. Nc4
Be6 9. O-O O-O-O 10. d4 exd4 11. cxd4 d5 12. exd5 1/2-1/2

[Event "4NCL 2011-12"]
[Site "Hinkley ENG"]
[Date "2012.05.06"]
[Round "10.182"]
[White "Buckley, David E"]
[Black "Cuenca Jimenez, Jose Fernando"]
[Result "0-1"]
[BlackTitle "IM"]
[WhiteElo "2245"]
[BlackElo "2474"]
[WhiteTeam "Bristol"]
[BlackTeam "Guildford 1"]
[WhiteFideId "407437"]
[BlackFideId "2255570"]
[EventDate "2011.11.12"]

1. d4 Nf6 2. c4 c5 3. d5 b5 4. cxb5 a6 5. bxa6 g6 6. g3 d6 7. Nc3 Bxa6 8. Bg2
Bg7 9. Nf3 Nfd7 10. O-O Nb6 11. Qc2 N8d7 12. Rd1 O-O 13. Rb1 Nc4 14. Nd2 Qa5 15.
Nxc4 Bxc4 16. Bd2 Ne5 17. b3 Ba6 18. a4 Rfb8 19. h3 Rb7 20. Na2 Qb6 21. Bc3 Rc8
22. Kh1 Qd8 23. f4 Nd7 24. Bxg7 Kxg7 25. e4 Rcb8 26. Qc3+ Kg8 27. e5 Nb6 28. Qe1
Na8 29. Qc3 Nb6 30. Qc2 Nc8 31. e6 f6 32. h4 Qf8 33. f5 Qh6 34. fxg6 hxg6 35.
Bf3 Kg7 36. Qc3 Nb6 37. Kg2 Nc4 38. Kf2 Ne5 39. Be2 Bxe2 40. Kxe2 Qh5+ 41. Kf2
Rxb3 42. Rxb3 Qxd1 0-1

[Event "4NCL 2011-12"]
[Site "Hinkley ENG"]
[Date "2012.05.06"]
[Round "10.183"]
[White "Sarakauskas, Gediminas"]
[Black "Beaumont, Chris R"]
[Result "1/2-1/2"]
[WhiteTitle "IM"]
[BlackTitle "IM"]
[WhiteElo "2403"]
[BlackElo "2279"]
[WhiteTeam "Guildford 1"]
[BlackTeam "Bristol"]
[WhiteFideId "12800724"]
[BlackFideId "400424"]
[EventDate "2011.11.12"]

1. e4 c5 2. Nf3 g6 3. c3 d5 4. exd5 Qxd5 5. d4 Bg7 6. Na3 cxd4 7. Nb5 Na6 8.
Nfxd4 Nf6 9. Qf3 O-O 10. Qxd5 Nxd5 11. Bc4 Nac7 12. Nxc7 Nxc7 13. Be3 b6 14. Nb5
Nxb5 15. Bxb5 Bb7 16. O-O a6 17. Be2 b5 18. a4 Bc6 19. axb5 axb5 20. Bc5 Bf6 21.
Rfd1 Rfd8 22. Rxd8+ Rxd8 23. Be3 Rb8 24. Ra6 Bd5 25. Ba7 Rb7 26. Bc5 Bc4 27. Kf1
Be5 28. g3 f5 29. Ke1 Bxe2 30. Kxe2 Kf7 31. Kd3 h5 1/2-1/2

[Event "4NCL 2011-12"]
[Site "Hinkley ENG"]
[Date "2012.05.06"]
[Round "10.184"]
[White "Bennett, Dominic L"]
[Black "Flear, Glenn C"]
[Result "0-1"]
[BlackTitle "GM"]
[WhiteElo "2074"]
[BlackElo "2472"]
[WhiteTeam "Bristol"]
[BlackTeam "Guildford"]
[WhiteFideId "416657"]
[BlackFideId "400165"]
[EventDate "2011.11.12"]

1. d4 d5 2. c4 e6 3. Nc3 c6 4. cxd5 exd5 5. Nf3 Bf5 6. Bg5 Qb6 7. Qd2 Nd7 8. Nh4
Be6 9. g3 h6 10. Be3 Be7 11. Ng2 Ngf6 12. f3 Qa5 13. Nf4 Bf5 14. Bh3 Bxh3 15.
Nxh3 Nb6 16. Bf2 Nc4 17. Qc2 Bb4 18. O-O O-O 19. a3 Bxc3 20. bxc3 Rfe8 21. Rfe1
Re7 22. e4 dxe4 23. fxe4 Qh5 24. Nf4 Qf3 25. e5 Nd5 26. Nxd5 cxd5 27. Red1 f6
28. Rd3 Qf5 29. exf6 Qxf6 30. a4 Rae8 31. Rf1 Re2 32. Qc1 Qf5 33. Qb1 b6 34.
Rdd1 Qxb1 35. Rxb1 Nd2 0-1

[Event "4NCL 2011-12"]
[Site "Hinkley ENG"]
[Date "2012.05.06"]
[Round "10.185"]
[White "Garrido Dominguez, Jesus"]
[Black "Collier, David O"]
[Result "0-1"]
[WhiteTitle "IM"]
[WhiteElo "2389"]
[BlackElo "2138"]
[WhiteTeam "Guildford 2"]
[BlackTeam "Bristol"]
[WhiteFideId "2254174"]
[BlackFideId "406422"]
[EventDate "2011.11.12"]

1. e4 c5 2. Nf3 d6 3. d4 cxd4 4. Nxd4 Nf6 5. Nc3 a6 6. Be2 e5 7. Nb3 Be7 8. O-O
Qc7 9. f4 Nbd7 10. Kh1 b5 11. a3 Bb7 12. Bf3 Rc8 13. Qe1 O-O 14. f5 Nb6 15. Rf2
d5 16. exd5 Nbxd5 17. Ne4 Rfd8 18. c3 Nxe4 19. Bxe4 Nxc3 20. bxc3 Bxe4 21. Bf4
exf4 22. Qxe4 Bf6 23. Raf1 Re8 24. Qb1 Qxc3 25. Nd2 Qc2 26. Qb4 Bh4 27. Rxf4 Be1
28. Rd4 Bxd2 29. Rxd2 Qxf5 30. Rdd1 Qe4 31. Qb3 Rc7 32. h3 Rce7 33. Rf3 Qc4 34.
Qxc4 bxc4 35. Rd6 Rc7 36. Rc3 Ra8 37. Kg1 Kf8 38. Kf2 Ke7 39. Rd4 Rac8 40. Ke2
f5 41. Re3+ Kf7 42. Kd2 Rb8 43. Kc2 Rb6 44. Rd5 g6 45. g4 Rb5 46. Rd6 fxg4 47.
hxg4 a5 48. Rg3 Re5 49. Kc3 Rb5 50. Kc2 Ke7 51. Ra6 Rbc5 52. Kc3 Rb5 53. Kc2 Kf7
54. Rd6 Kg7 55. g5 c3 56. Rdd3 Rb2+ 57. Kc1 Rb3 58. a4 Ra3 59. Kc2 Rxa4 60. Rxc3
Rac4 61. Rxc4 Rxc4+ 62. Kd3 Rc5 63. Kd4 Rf5 64. Ke4 h6 65. gxh6+ Kxh6 66. Ra3
Rb5 67. Kf3 g5 68. Ra1 Kg6 69. Rc1 Kf5 70. Rc4 Rb3+ 71. Kg2 Ra3 72. Rc5+ Kg4 73.
Rc4+ Kh5 74. Rc6 a4 75. Rc4 g4 76. Rc8 Rb3 77. Ra8 a3 78. Kf2 Kg5 79. Ra7 g3+
80. Kg2 Kf5 81. Ra4 Ke5 82. Ra8 Rc3 83. Rd8 Ke4 84. Rd7 Rd3 85. Ra7 Kd4 86. Ra4+
Kc5 87. Kg1 Kb5 88. Ra8 Kb4 89. Kf1 Kb3 90. Ke2 Rc3 91. Kd2 Kb2 0-1

[Event "4NCL 2011-12"]
[Site "Hinkley ENG"]
[Date "2012.05.06"]
[Round "10.188"]
[White "Roberts, Lynda"]
[Black "Sarakauskiene, Zivile"]
[Result "0-1"]
[BlackTitle "WIM"]
[WhiteElo "1960"]
[BlackElo "2191"]
[WhiteTeam "Bristol"]
[BlackTeam "Guildford 2"]
[WhiteFideId "1800191"]
[BlackFideId "12800864"]
[EventDate "2011.11.12"]

1. f4 d5 2. g3 Nf6 3. Nf3 g6 4. Bg2 Bg7 5. c3 O-O 6. O-O Bf5 7. d3 Qc8 8. Re1
Rd8 9. Qc2 c5 10. e4 dxe4 11. dxe4 Bxe4 12. Qe2 e6 13. Rd1 Rxd1+ 14. Qxd1 Qd7
15. Qe1 Qc7 16. Nbd2 Bc6 17. Nb3 Nbd7 18. Be3 b6 19. h3 Re8 20. Qf1 Ne4 21. g4
Nef6 22. Re1 Nd5 23. Nfd2 N7f6 24. Nc4 Bb5 25. Nbd2 Nxe3 26. Rxe3 Nd5 27. Rf3 f5
28. g5 Rd8 29. Rd3 Rd7 30. Rf3 Nxf4 31. Rxf4 Rxd2 32. Qf3 Rxg2+ 33. Qxg2 Qxf4
34. Qa8+ Bf8 0-1

[Event "4NCL 2011-12"]
[Site "Hinkley ENG"]
[Date "2012.05.05"]
[Round "11.112"]
[White "Rowson, Jonathan"]
[Black "Parker, Jonathan F"]
[Result "1/2-1/2"]
[WhiteTitle "GM"]
[BlackTitle "GM"]
[WhiteElo "2581"]
[BlackElo "2531"]
[WhiteTeam "Wood Green Hilsmark 1"]
[BlackTeam "Barbican 4NCL 1"]
[WhiteFideId "2400561"]
[BlackFideId "400580"]
[EventDate "2011.11.12"]

1. d4 d5 2. c4 e6 3. Nc3 Nf6 4. cxd5 exd5 5. Bg5 c6 6. Qc2 Be7 7. e3 Nbd7 8. Bd3
Nh5 9. Bxe7 Qxe7 10. Nf3 Nf4 11. Bf1 Nb6 12. O-O-O Ng6 13. Re1 Be6 14. g3 O-O-O
15. Bg2 Kb8 16. Kb1 Rhe8 17. Ka1 h6 18. Nd2 Qf6 19. Nb3 Bf5 20. Qc1 Nf8 21. f3
Ne6 22. Rd1 1/2-1/2

[Event "4NCL 2011-12"]
[Site "Hinkley ENG"]
[Date "2012.05.05"]
[Round "11.113"]
[White "D'Costa, Lorin A R"]
[Black "Howell, David W L"]
[Result "1/2-1/2"]
[WhiteTitle "IM"]
[BlackTitle "GM"]
[WhiteElo "2409"]
[BlackElo "2633"]
[WhiteTeam "Barbican 4NCL 1"]
[BlackTeam "Wood Green Hilsmark 1"]
[WhiteFideId "409219"]
[BlackFideId "410608"]
[EventDate "2011.11.12"]

1. Nf3 Nf6 2. c4 b6 3. g3 Bb7 4. Bg2 g6 5. b3 Bg7 6. Bb2 O-O 7. O-O e6 8. d4 d6
9. Nc3 c5 10. Qd3 Nc6 11. Rad1 Qe7 12. e3 Rfd8 13. Qe2 Rac8 14. Rfe1 d5 15. dxc5
bxc5 16. Na4 Ba6 17. Ne5 Nxe5 18. Bxe5 Ne8 19. Bxg7 Nxg7 20. Qd2 dxc4 21. Qa5
Rd6 22. Rxd6 Qxd6 23. Bf3 cxb3 24. axb3 Bd3 1/2-1/2

[Event "4NCL 2011-12"]
[Site "Hinkley ENG"]
[Date "2012.05.05"]
[Round "11.114"]
[White "Pert, Nicholas"]
[Black "Collins, Sam E."]
[Result "1-0"]
[WhiteTitle "GM"]
[BlackTitle "IM"]
[WhiteElo "2563"]
[BlackElo "2426"]
[WhiteTeam "Wood Green Hilsmark 2"]
[BlackTeam "Barbican 4NCL 1"]
[WhiteFideId "403989"]
[BlackFideId "2501198"]
[EventDate "2011.11.12"]

1. Nf3 Nf6 2. g3 c5 3. Bg2 d5 4. c4 e6 5. O-O Nc6 6. cxd5 exd5 7. d4 Be7 8. dxc5
Bxc5 9. a3 O-O 10. b4 Bb6 11. Nc3 h6 12. Bb2 Re8 13. Rc1 Bf5 14. Na4 Be4 15.
Nxb6 axb6 16. Nh4 Qe7 17. Bxe4 dxe4 18. Qb3 Rad8 19. Nf5 Qe6 20. Qxe6 Rxe6 21.
Rfd1 Rb8 22. Rd6 Kf8 23. b5 Ne7 24. Rxe6 fxe6 25. Nxe7 Kxe7 26. Rc7+ Kd6 27.
Rxg7 Nd5 28. Rg4 e3 29. fxe3 Rc8 30. e4 Ne3 31. e5+ Kd5 32. Rd4+ Kc5 33. Rd6
Kxb5 34. Rxe6 Rc2 35. Bd4 Nc4 36. Kf2 Rd2 37. Bc3 Ra2 38. Bb4 Nxa3 39. Bxa3 Rxa3
40. Rxh6 Kc5 41. e6 Ra4 42. Kf3 Ra3+ 43. Kf4 Ra4+ 44. Ke5 Ra8 45. e7 b5 46. Rd6 1-0

[Event "4NCL 2011-12"]
[Site "Hinkley ENG"]
[Date "2012.05.05"]
[Round "11.115"]
[White "Ferguson, Mark"]
[Black "Gordon, Stephen J"]
[Result "1/2-1/2"]
[WhiteTitle "IM"]
[BlackTitle "GM"]
[WhiteElo "2374"]
[BlackElo "2535"]
[WhiteTeam "Barbican 4NCL 1"]
[BlackTeam "Wood Green Hilsmark 1"]
[WhiteFideId "403547"]
[BlackFideId "411477"]
[EventDate "2011.11.12"]

1. e4 c5 2. c3 Nf6 3. e5 Nd5 4. d4 cxd4 5. cxd4 d6 6. Nf3 e6 7. Bc4 Be7 8. O-O
O-O 9. Qe2 b6 10. Nc3 Nxc3 11. bxc3 Bb7 12. Bd3 Nd7 13. Bf4 dxe5 14. Nxe5 Rc8
15. Rac1 Nxe5 16. Bxe5 Bd6 17. f4 g6 18. Qg4 Rc7 19. h4 h5 20. Qg3 Bxe5 21. fxe5
Rxc3 22. Rxc3 Qxd4+ 23. Kh2 Qxc3 24. Rf6 Kh8 25. Qe3 Kg8 26. Qg3 Kh8 27. Qe3 Kg8
28. Qg3 1/2-1/2

[Event "4NCL 2011-12"]
[Site "Hinkley ENG"]
[Date "2012.05.05"]
[Round "11.116"]
[White "Cramling, Pia"]
[Black "Cox, John J"]
[Result "1-0"]
[WhiteTitle "GM"]
[BlackTitle "IM"]
[WhiteElo "2495"]
[BlackElo "2423"]
[WhiteTeam "Wood Green Hilsmark"]
[BlackTeam "Barbican 4NCL 1"]
[WhiteFideId "1700030"]
[BlackFideId "401064"]
[EventDate "2011.11.12"]

1. d4 d5 2. Nf3 c6 3. c4 e6 4. Qc2 dxc4 5. Qxc4 b5 6. Qc2 Bb7 7. e4 Nd7 8. Bd3
a6 9. a4 b4 10. Bg5 Ngf6 11. O-O h6 12. Bxf6 Qxf6 13. Nbd2 Qd8 14. a5 Be7 15.
Rfd1 O-O 16. Nc4 c5 17. d5 exd5 18. exd5 Kh8 19. d6 Bf6 20. Be4 Qb8 21. Re1 Re8
22. Qd3 Bxe4 23. Rxe4 Qb7 24. Rae1 Rxe4 25. Rxe4 Qc6 26. h4 Rd8 27. Qe2 Qd5 28.
b3 Kh7 29. Re3 g6 30. Rd3 Qe6 31. Qxe6 fxe6 32. Re3 e5 33. g4 Kg8 34. g5 hxg5
35. hxg5 Bg7 36. Nh4 Kh7 37. Rh3 Bf8 38. Nf5+ Kg8 39. Ng3 Nb8 40. Ne4 Nc6 41.
Kg2 Nd4 42. Nxc5 Nb5 43. Ne6 Rd7 44. Nxf8 Kxf8 45. Rd3 Ke8 46. Rd5 Kd8 47. Nxe5
Rxd6 48. Rxb5 1-0

[Event "4NCL 2011-12"]
[Site "Hinkley ENG"]
[Date "2012.05.05"]
[Round "11.118"]
[White "Baburin, Alexander"]
[Black "Lauterbach, Ingrid"]
[Result "1/2-1/2"]
[WhiteTitle "GM"]
[BlackTitle "WIM"]
[WhiteElo "2535"]
[BlackElo "2075"]
[WhiteTeam "Wood Green Hilsmark"]
[BlackTeam "Barbican 4NCL 1"]
[WhiteFideId "2500914"]
[BlackFideId "405221"]
[EventDate "2011.11.12"]

1. d4 d5 2. c4 c6 3. Nf3 Nf6 4. e3 Bf5 5. Nc3 e6 6. Nh4 Bg6 7. Nxg6 hxg6 8. a3
Nbd7 9. c5 a5 10. Rb1 b6 11. b4 axb4 12. axb4 Qc7 13. g3 Be7 14. Bg2 b5 15. f4
Ng8 16. Bd2 f5 17. Ra1 Qb7 18. O-O Ngf6 19. Qb3 Kf7 20. Bf3 Rxa1 21. Rxa1 Ra8
22. Rf1 Ne4 23. Nxe4 dxe4 24. Bd1 Nf6 25. Qb1 Nd5 26. Bb3 Qa6 27. Qc2 Qa3 28.
Rb1 Qa6 29. Qd1 Qc8 30. Ra1 Ra6 31. h4 Qa8 32. Rxa6 Qxa6 33. Qc1 Qa8 34. Kg2 Nc7
35. Qb2 Bf6 36. Bd1 Qh8 37. Qa2 Qa8 38. Qb2 Qh8 39. Kg1 Qa8 40. Kf1 Nd5 41. Bb3
Be7 42. Ke1 Bf6 43. Kd1 Be7 44. Kc1 Bf6 45. Kb1 Be7 46. Qc1 Nf6 47. Kb2 Nd5 48.
Qh1 Nf6 49. Bd1 Qh8 50. Be2 Qa8 51. h5 gxh5 52. Bxh5+ g6 53. Bd1 Kg7 54. Bb3 Nd5
55. g4 Qh8 56. Qg2 Kf7 57. g5 1/2-1/2

[Event "4NCL 2011-12"]
[Site "Hinkley ENG"]
[Date "2012.05.05"]
[Round "11.122"]
[White "Ghasi, Ameet K"]
[Black "Williams, Simon K"]
[Result "1-0"]
[WhiteTitle "FM"]
[BlackTitle "GM"]
[WhiteElo "2400"]
[BlackElo "2513"]
[WhiteTeam "e2e4.org.uk"]
[BlackTeam "Jutes of Kent"]
[WhiteFideId "409200"]
[BlackFideId "404454"]
[EventDate "2011.11.12"]

1. d4 e6 2. Nf3 f5 3. Bg5 Be7 4. h4 Nf6 5. Nbd2 O-O 6. c3 d6 7. Bxf6 Bxf6 8. e4
Nc6 9. Bd3 e5 10. d5 Ne7 11. exf5 Bxf5 12. Bxf5 Nxf5 13. Ne4 Ne7 14. Nfg5 Bxg5
15. hxg5 Qe8 16. Qc2 Qg6 17. O-O-O Rf4 18. f3 Raf8 19. Rh3 Nf5 20. Rdh1 Rxe4 21.
fxe4 Qxg5+ 22. Qd2 Qxd2+ 23. Kxd2 Nh6 24. Rf3 Rc8 25. c4 a5 26. Rh5 Re8 27. Rfh3
Rf8 28. Rf3 Re8 29. Kc3 Re7 30. Rfh3 Rf7 31. Rf3 Re7 32. Kb3 Nf7 33. Ka4 b6 34.
Kb5 g6 35. Rh4 Kg7 36. a3 h5 37. g4 Ng5 38. Rf1 hxg4 39. Rxg4 Nh3 40. Kc6 Nf4
41. Rfg1 Kf6 42. b4 axb4 43. axb4 Rg7 44. b5 g5 45. Ra1 Ne2 46. Ra8 Nd4+ 47. Kb7
Nc2 48. Rg3 g4 49. Re8 c5+ 1-0

[Event "4NCL 2011-12"]
[Site "Hinkley ENG"]
[Date "2012.05.05"]
[Round "11.123"]
[White "Galego, Luis"]
[Black "Barnes, Michael H"]
[Result "1-0"]
[WhiteTitle "GM"]
[BlackTitle "FM"]
[WhiteElo "2482"]
[BlackElo "2223"]
[WhiteTeam "Jutes of Kent"]
[BlackTeam "e2e4.org.uk"]
[WhiteFideId "1900072"]
[BlackFideId "404128"]
[EventDate "2011.11.12"]

1. e4 c5 2. Nf3 e6 3. Nc3 Nc6 4. d4 cxd4 5. Nxd4 a6 6. Nxc6 bxc6 7. Bd3 d5 8.
O-O Nf6 9. Qe2 Be7 10. b3 O-O 11. e5 Nd7 12. Na4 Nxe5 13. Qxe5 Bf6 14. Bxh7+
Kxh7 15. Qh5+ Kg8 16. Bb2 Bxb2 17. Nxb2 Qf6 18. Nd3 Qc3 19. Rac1 a5 20. Rfe1 Ba6
21. Ne5 f6 22. Ng4 f5 23. Re3 Qb2 24. Nh6+ gxh6 25. Rg3+ Qg7 26. Qxh6 1-0

[Event "4NCL 2011-12"]
[Site "Hinkley ENG"]
[Date "2012.05.05"]
[Round "11.124"]
[White "Longson, Alexander"]
[Black "Johannesson, Ingvar Thor"]
[Result "1/2-1/2"]
[BlackTitle "FM"]
[WhiteElo "2281"]
[BlackElo "2337"]
[WhiteTeam "e2e4.org.uk"]
[BlackTeam "Jutes of Kent"]
[WhiteFideId "408093"]
[BlackFideId "2301490"]
[EventDate "2011.11.12"]

1. e4 e6 2. d4 d5 3. Nd2 Nf6 4. e5 Nfd7 5. f4 c5 6. Ngf3 cxd4 7. Nb3 Nc6 8.
Nbxd4 Nxd4 9. Nxd4 Bc5 10. c3 a5 11. Bb5 O-O 12. O-O Qb6 13. a4 f6 14. exf6 Nxf6
15. Be3 Bd7 16. Bxd7 Nxd7 17. Rb1 Qd6 18. Kh1 Rf6 19. Qe2 Raf8 20. g3 e5 1/2-1/2